Los acreedores y el concurso la responsabilidad de personas ajenas al concurso /

Bibliographic Details
Main Author: Farran Farriol, Josep
Format: Unknown
Language:Spanish
Published: Barcelona : Bosch, 2008
Subjects:
Online Access:Acceso restringido

MARC

LEADER 00000ny a22000003n 4500
005 2011051903373.0
008 081104s2008 sp 000 0 spa d
020 |a 9788476988329 
035 |a 3361 
040 |a BUS  |d vLex 
080 |a 347.436 
080 |a 347.736(460) 
090 |c 54  |d 54 
100 1 |a Farran Farriol, Josep 
245 1 4 |a Los acreedores y el concurso  |h [Recurso electrn̤ico]  |b la responsabilidad de personas ajenas al concurso /  |c Josep Farran Farriol 
256 |a Servicio en ln̕ea 
260 |a Barcelona :  |b Bosch,  |c 2008 
300 |a 386 p. ;  |c 24 cm 
506 1 |a Contenido solo disponible en los productos indicados  |d vLex Global  |d vLex Global (Academic Edition, excluding Law Schools)  |d vLex Global (U.S. Academic Edition, Law Schools)  |d vLex Global (U.S. Academic Edition, excluding Law Schools)  |d vLex Global (Academic Edition, Law Schools) 
650 0 7 |a Derecho concursal  |2 Tesauro vLex 
650 0 7 |a Concurso de acreedores  |2 Tesauro vLex 
650 0 7 |a Acreedores del concursado  |2 Tesauro vLex 
740 0 |a vLex Libros (Servicios en ln̕ea) 
843 |a Electrn̤ica. Abierta 
856 4 0 |u http://vlex.com/source/3361  |z Acceso restringido 
942 |c BOOK 
999 0 |a Contests rights   |b Spain